FC 26 Time Warp - Statistics

General Stats
  • This quiz has been taken 6 times
  • The average score is 13 of 84
Answer Stats
rat pos club player % Correct
Time Warp 90 ST Al-Nassr Cristiano Ronaldo
100%
Time Warp 90 ST Inter Miami Lionel Messi
100%
Time Warp 89 GK FC Barcelona Marc-André ter Stegen
100%
Time Warp 89 RB Real Madrid Dani Carvajal
75%
Time Warp 89 ST Inter Miami Luis Suárez
75%
Time Warp 89 ST Wolfsburg Frauen Alexandra Popp
50%
Time Warp 89 GK Fiorentina David De Gea
50%
Time Warp 89 CDM Sunderland Granit Xhaka
50%
Time Warp 88 RM Brighton James Milner
50%
Time Warp 89 ST Cremonese Jamie Vardy
50%
Time Warp 89 RB Burnley Kyle Walker
50%
Time Warp 89 LM LA Galaxy Marco Reus
50%
Time Warp 89 CM AS Monaco Paul Pogba
50%
Time Warp 89 RM Vancouver Whitecaps Thomas Müller
50%
Time Warp Icon 91 CDM Italy Andrea Pirlo
25%
Time Warp Icon 91 CB England Bobby Moore
25%
Time Warp Icon 90 CB Spain Carles Puyol
25%
Time Warp 89 CDM Manchester United Casemiro
25%
Time Warp 88 CDM Leicester Women Emily van Egmond
25%
Time Warp Icon 93 RW Brazil Garrincha
25%
Time Warp Icon 89 LW England John Barnes
25%
Time Warp 88 CM Atlético Madrid Koke
25%
Time Warp Icon 92 ST Netherlands Marco van Basten
25%
Time Warp 88 CM Galatasaray Mario Lemina
25%
Time Warp Icon 89 LM Czech Republic Pavel Nedvěd
25%
Time Warp Icon 90 RB Germany Philipp Lahm
25%
Time Warp 89 ST Man United Women Rachel Williams
25%
Time Warp Icon 88 CM Ireland Roy Keane
25%
Time Warp 86 ST HJK Helsinki Teemu Pukki
25%
Time Warp 87 CDM NEOM SC Abdoulaye Doucouré
0%
Time Warp 89 LW Sevilla Alexis Sánchez
0%
Time Warp 86 LB Rayo Vallecano Alfonso Espino
0%
Time Warp 86 CB FC Fleury 96 Annaig Butel
0%
Time Warp 87 LW Trabzonspor Anthony Nwakaeme
0%
Time Warp 88 CM Colo-Colo Arturo Vidal
0%
Time Warp 86 LM Ipswich Town Ashley Young
0%
Time Warp 85 ST Fenerbahçe Cenk Tosun
0%
Time Warp 87 CB Al-Fayha Chris Smalling
0%
Time Warp 88 LB SC Freiburg Christian Günter
0%
Time Warp 85 CB OGC Nice Dante
0%
Time Warp 86 RB Real Salt Lake DeAndre Yedlin
0%
Time Warp 87 LW Roma Femminile Emilie Haavi
0%
Time Warp 88 LM Juventus Filip Kostić
0%
Time Warp 85 CAM RC Lens Florian Sotoca
0%
Time Warp 85 CM Glasgow City Hayley Lauder
0%
Time Warp Icon 92 CM Japan Homare Sawa
0%
Time Warp 85 LM CD Tondela Ivan Cavaleiro
0%
Time Warp 87 LM Wrexham James McClean
0%
Time Warp 88 CM OL Reign Jess Fishlock
0%
Time Warp 88 CM Braga João Moutinho
0%
Time Warp 87 CAM Bayer Leverkusen Jonas Hofmann
0%
Time Warp 85 CB Casa Pia José Fonte
0%
Time Warp 85 RW Cerro Porteño Juan Iturbe
0%
Time Warp 88 CAM Melbourne Victory Juan Mata
0%
Time Warp 86 CM Nantes Féminines Karen Araya
0%
Time Warp Icon 90 ST England Kelly Smith
0%
Time Warp 87 RB Brest Kenny Lala
0%
Time Warp 86 CM Monchengladbach Kevin Stöger
0%
Time Warp 86 CAM NAC Breda Lewis Holtby
0%
Time Warp 87 CB Real Betis Marc Bartra
0%
Time Warp 86 ST UD Tenerife Mari José
0%
Time Warp 87 CB Köln Frauen Marina Hegering
0%
Time Warp 88 CAM Eintracht Frankfurt Mario Götze
0%
Time Warp 87 CB Barça Femení Marta Torrejón
0%
Time Warp 87 ST Bolívar Martín Cauteruccio
0%
Time Warp 88 CM Watford Moussa Sissoko
0%
Time Warp 86 ST Vítoria Guimarães Nélson Oliveira
0%
Time Warp 87 CDM Sassuolo Nemanja Matić
0%
Time Warp 87 CAM Brighton Pascal Groß
0%
Time Warp 85 LB Ajax Patrick van Aanholt
0%
Time Warp 87 RW Lazio Pedro
0%
Time Warp 87 CDM Paris FC Pierre Lees-Melou
0%
Time Warp 85 RM Estoril Praia Pizzi
0%
Time Warp Icon 92 RW Italy Roberto Baggio
0%
Time Warp 87 RW Osasuna Rubén García
0%
Time Warp 87 CB West Ham Women Shelina Zadorsky
0%
Time Warp 86 CAM London City Lionesses Sofia Jakobsson
0%
Time Warp 86 CDM FC Badalona Woman Sofie Junge Pedersen
0%
Time Warp 86 CDM Houston Dash Sophie Schmidt
0%
Time Warp 86 CAM Ajax Steven Berghuis
0%
Time Warp 86 CDM Stoke City Steven Nzonzi
0%
Time Warp 87 GK Bayern Munich Sven Ulreich
0%
Time Warp 88 ST Angel City Sydney Leroux
0%
Time Warp 85 CAM NEC Nijmegen Tjaronn Chery
0%
No matching quizzes found
Score Distribution
Percent of People with Each Score
Percentile by Number Answered
Your Score History
You have not taken this quiz